Normal view
MARC view
- Pollock, Phillip H., III
Entry Personal Name
001 - CONTROL NUMBER
- control field: 46219
003 - CONTROL NUMBER IDENTIFIER
- control field: OSt
005 - DATE AND TIME OF LATEST TRANSACTION
- control field: 20221003143539.0
008 - FIXED-LENGTH DATA ELEMENTS
- fixed length control field: 221003|| aca||aabn | a|a d
040 ## - CATALOGING SOURCE
- Original cataloging agency: OSt
- Transcribing agency: OSt
100 ## - HEADING--PERSONAL NAME
- Personal name: Pollock, Phillip H., III
670 ## - SOURCE DATA FOUND
- Source citation: Work cat.: (OSt): Pollock, Phillip H., III, The essentials of political analysis /, ©2020.
